000 00599cam a22002293a 4500
001 13303
003 PGUSA
005 20140828083303.0
008 040827s2004||||xxu|||||s|||||000 1 eng d
040 _aPGUSA
_beng
042 _adc
050 4 _aPQ
100 1 _aSand, George,
_d1804-1876
245 1 0 _aKourroglou
_h[electronic resource] /
_cGeorge Sand
260 _bProject Gutenberg,
_c2004
506 _aPublic domain in the USA.
516 _aElectronic text
653 _aFiction
830 0 _aProject Gutenberg
_v13303
856 4 0 _uhttp://www.gutenberg.org/ebooks/13303
942 _cEB
999 _c242558
_d242558